Geology of the Bull Run quadrangle, Elko County, Nevada, (Record no. 29711)
[ view plain ]
| 000 -LEADER | |
|---|---|
| fixed length control field | 01077cam a22002651 4500 |
| 001 - CONTROL NUMBER | |
| control field | gs 63000209 |
| 003 - CONTROL NUMBER IDENTIFIER | |
| control field | DLC |
| 005 - DATE AND TIME OF LATEST TRANSACTION | |
| control field | 20260227111412.0 |
| 008 - FIXED-LENGTH DATA ELEMENTS--GENERAL INFORMATION | |
| fixed length control field | 740104s1962 xx 000 0 eng |
| 010 ## - LIBRARY OF CONGRESS CONTROL NUMBER | |
| LC control number | gs 63000209 |
| 035 ## - SYSTEM CONTROL NUMBER | |
| System control number | (OCoLC)770066 |
| 040 ## - CATALOGING SOURCE | |
| Original cataloging agency | DLC |
| Transcribing agency | OAU |
| Modifying agency | OCoLC |
| -- | DLC |
| 042 ## - AUTHENTICATION CODE | |
| Authentication code | premarc |
| 050 00 - LIBRARY OF CONGRESS CALL NUMBER | |
| Classification number | QE138.E4 |
| Item number | D4 |
| 100 1# - MAIN ENTRY--PERSONAL NAME | |
| Personal name | Decker, Robert W. |
| Fuller form of name | (Robert Wayne), |
| Dates associated with a name | 1927- |
| 245 10 - TITLE STATEMENT | |
| Title | Geology of the Bull Run quadrangle, Elko County, Nevada, |
| Statement of responsibility, etc. | by Robert W. Decker. |
| 260 ## - PUBLICATION, DISTRIBUTION, ETC. | |
| Place of publication, distribution, etc. | Reno, |
| Name of publisher, distributor, etc. | Mackay School of Mines, University of Nevada, |
| Date of publication, distribution, etc. | 1962. |
| 300 ## - PHYSICAL DESCRIPTION | |
| Extent | v, 65, vii-xii p. |
| Other physical details | illus., maps (1 fold. col. in pocket) |
| Dimensions | 24 cm. |
| 410 20 - SERIES STATEMENT/ADDED ENTRY--CORPORATE NAME [OBSOLETE, CAN/MARC], [LOCAL, USA] | |
| Corporate name or jurisdiction name as entry element | Nevada Bureau of Mines. |
| Title of a work | Bulletin |
| Volume number/sequential designation | 60 |
| 500 ## - GENERAL NOTE | |
| General note | Revision and expansion of a thesis on the Centennial Range (Bull Run Mountains) submitted to the Colorado School of Mines. |
| 500 ## - GENERAL NOTE | |
| General note | "Publications of the Nevada Bureau of Mines and associated organizations": p. vii-xii. |
| 504 ## - BIBLIOGRAPHY, ETC. NOTE | |
| Bibliography, etc. note | Bibliography: p. 58-61. |
| 650 #0 - SUBJECT ADDED ENTRY--TOPICAL TERM | |
| Topical term or geographic name entry element | Geology |
| Geographic subdivision | Nevada |
| -- | Elko County. |
| 740 0# - ADDED ENTRY--UNCONTROLLED RELATED/ANALYTICAL TITLE | |
| Uncontrolled related/analytical title | Bull Run quadrangle, Elko county, Nevada. |
No items available.